Pokemon berries - Statistics

General Stats
  • This quiz has been taken 32 times
    28 since last reset
  • The average score is 31 of 70
Answer Stats
Effect Berry % Correct
Cures poison Pecha Berry
100%
Restores 10 HP Oran Berry
92%
Restores 30 HP or 25% HP depending on the generation Sitrus Berry
92%
Restores 10 PP Leppa Berry
83%
Cures paralysis Cheri Berry
75%
Cures sleep Chesto Berry
75%
Cures confusion Persim Berry
75%
Cures freeze Aspear Berry
67%
Restores HP but confuses Pokémon if they don't like spicy food Figy Berry
67%
Lowers Special Defense EVs, raises friendship Grepa Berry
67%
Raises Attack when HP falls below 25% Liechi Berry
67%
Makes wild Pokémon move less Nanab Berry
67%
Makes wild Pokémon more likely to drop items Pinap Berry
67%
Cures burn Rawst Berry
67%
Makes wild Pokémon easier to capture Razz Berry
67%
--- Bluk Berry
58%
Lowers HP EVs, raises friendship Pomeg Berry
58%
Lowers Speed EVs, raises friendship Tamato Berry
58%
Halves damage taken from a super effective Dark-type move Colbur Berry
50%
Lowers Attack EVs, raises friendship Kelpsy Berry
50%
Cures any non-volatile status condition and confusion Lum Berry
50%
Restores HP but confuses Pokémon if they don't like sweet food Mago Berry
50%
Lowers Defense EVs, raises friendship Qualot Berry
50%
Halves damage taken from a super effective Fairy-type move Roseli Berry
50%
Raises Speed when HP falls below 25% Salac Berry
50%
Restores HP but confuses Pokémon if they don't like bitter food Aguav Berry
42%
Raises Special Defense when HP falls below 25% Apicot Berry
42%
Causes next move to go first in its priority bracket when HP falls below 25% Custap Berry
42%
Lowers Special Attack EVs, raises friendship Hondew Berry
42%
Restores HP but confuses Pokémon if they don't like sour food Iapapa Berry
42%
--- Nomel Berry
42%
Halves damage taken from a super effective Water-type move Passho Berry
42%
Halves damage taken from a super effective Psychic-type move Payapa Berry
42%
Halves damage taken from a super effective Ground-type move Shuca Berry
42%
Sharply raises a random stat when HP falls below 25% Starf Berry
42%
--- Watmel Berry
42%
Restores HP but confuses Pokémon if they don't like dry food Wiki Berry
42%
Halves damage taken from a super effective Steel-type move Babiri Berry
33%
--- Belue Berry
33%
Halves damage taken from a super effective Rock-type move Charti Berry
33%
Halves damage taken from a Normal-type move Chilan Berry
33%
Halves damage taken from a super effective Fighting-type move Chople Berry
33%
Halves damage taken from a super effective Flying-type move Coba Berry
33%
Restores 25% HP when hit with a super effective move Enigma Berry
33%
Raises Defense when HP falls below 25% Ganlon Berry
33%
Halves damage taken from a super effective Dragon-type move Haban Berry
33%
Damages attacker for 12.5% HP when hit with a physical move Jaboca Berry
33%
Halves damage taken from a super effective Ghost-type move Kasib Berry
33%
Raises critical hit ratio when HP falls below 25% Lansat Berry
33%
--- Magost Berry
33%
Raises Special Defense when hit with a special move Maranga Berry
33%
Causes next move to bypass accuracy checks/raises accuracy of next move by ~20% when HP falls below 25% Micle Berry
33%
Halves damage taken from a super effective Fire-type move Occa Berry
33%
--- Rabuta Berry
33%
Halves damage taken from a super effective Grass-type move Rindo Berry
33%
Halves damage taken from a super effective Electric-type move Wacan Berry
33%
Halves damage taken from a super effective Ice-type move Yache Berry
33%
--- Cornn Berry
25%
--- Durin Berry
25%
Restores PP If used on a wild Pokemon, the wild Pokemon's reactions are dulled Hopo Berry
25%
Halves damage taken from a super effective Poison-type move Kebia Berry
25%
Raises Defense when hit with a physical move Kee Berry
25%
--- Pamtre Berry
25%
Raises Special Attack when HP falls below 25% Petaya Berry
25%
Damages attacker for 12.5% HP when hit with a special move Rowap Berry
25%
--- Spelon Berry
25%
Halves damage taken from a super effective Bug-type move Tanga Berry
25%
--- Wepear Berry
25%
Changes coloration Pinkan Berry
8%
Clears one's throat and restores consumers voice Rinka Berry
0%
No matching quizzes found
Score Distribution
Percent of People with Each Score
Percentile by Number Answered
Your Score History
You have not taken this quiz since the last reset